[Event "Sampa Chess Open 2024"]
[Site "Sao Paulo"]
[Date "2024.02.03"]
[Round "8.10"]
[White "Matsuura, Everaldo"]
[Black "Awoki, Daniel Teidi"]
[Result "1/2-1/2"]
[WhiteElo "2410"]
[BlackElo "2152"]
[PlyCount "163"]
[EventDate "2024.01.29"]
[EventRounds "9"]
[EventCountry "BRA"]

1. e4 c5 2. Nf3 e6 3. d4 cxd4 4. Nxd4 Nc6 5. Nc3 Qc7 6. Be3 a6 7. Qd2 Nf6 8. f3
Bb4 9. a3 Be7 10. f4 ({RR} 10. g4 h6 11. h4 b5 12. Rg1 Bb7 13. Be2 Nxd4 14.
Bxd4 e5 15. Bf2 Bc5 16. Bxc5 Qxc5 17. O-O-O O-O-O 18. Nd5 Bxd5 19. exd5 d6 20.
Kb1 Kb7 21. Rge1 Ka7 22. Bf1 Rb8 23. Re3 b4 24. Qe2 Rb6 {Smirin,I (2654)
-Ganguly,S (2571) Moscow 2007 1-0 (68)}) 10... d6 11. Be2 O-O 12. O-O-O ({RR} 
12. O-O Nxd4 13. Bxd4 b5 14. f5 Bb7 15. Bf3 e5 16. Bf2 Bc6 17. g4 h6 18. Rfe1
a5 19. Nd5 Nxd5 20. exd5 Bd7 21. Be4 Rfc8 22. Be3 Qd8 23. Bd3 Bg5 24. Bxg5 hxg5
25. Re3 Qb6 26. c3 f6 {Silva,D (1958)-Molina,R (2414) Florianopolis 2013 0-1 
(48)}) 12... Rb8 $146 ({RR} 12... Na5 13. g4 e5 14. Nf5 Bxf5 15. exf5 Ne4 16.
Qd3 Nxc3 17. Qxc3 Qxc3 18. bxc3 Rac8 19. Kb2 Nc4+ 20. Bxc4 Rxc4 21. Rhf1 Rfc8
22. Bd2 Bd8 23. Be1 Be7 24. h3 exf4 25. Rd4 Bf6 26. Rxd6 Rd8 27. Rd3 {Johansen,
D (2471)-Garbett,P (2312) Auckland 2005 1/2-1/2}) 13. g4 b5 14. g5 Nd7 15. f5
b4 16. Nxc6 Qxc6 17. axb4 Re8 18. g6 hxg6 19. fxe6 fxe6 20. Kb1 Nf8 21. h4 Rxb4
22. Nd5 Rxb2+ 23. Kxb2 exd5 24. Qxd5+ Qxd5 25. Rxd5 Bb7 26. Ra5 Bf6+ 27. Kc1
Bxe4 28. Rh2 Bxc2 29. Kxc2 Rxe3 30. Rxa6 Re4 31. Bd3 Rxh4 32. Rxh4 Bxh4 33.
Bc4+ Kh7 34. Rxd6 Be7 35. Rd1 g5 36. Re1 Bb4 37. Rh1+ Kg6 38. Bd3+ Kf6 39. Rf1+
Ke6 40. Bc4+ Ke5 41. Kb3 Bd6 42. Rd1 Be7 43. Re1+ Kf6 44. Rf1+ Ke5 45. Rf7 Bc5
46. Rxg7 Kf4 47. Kc2 g4 48. Kd3 g3 49. Bd5 Ke5 50. Kc4 Bf2 51. Re7+ Kd6 52. Re8
Nd7 53. Re6+ Kc7 54. Kb5 Nc5 55. Rc6+ Kd7 56. Kc4 Ke7 57. Kc3 Kd7 58. Rg6 Ke7
59. Kd2 Kd7 60. Ke2 Ke7 61. Kf3 Kd7 62. Bc4 Ke7 63. Kf4 Kd7 64. Ke5 Kc7 65. Kd5
Kb7 66. Be2 Kc7 67. Bf3 Kb7 68. Rg7+ Kb6 69. Kc4 Ka6 70. Rg6+ Ka5 71. Bg2 Ka4
72. Rb6 Ka3 73. Bc6 Ka2 74. Rb8 Ka3 75. Bd5 Be3 76. Re8 Bf2 77. Re2 Na4 78. Rc2
Nb6+ 79. Kd3 Nxd5 80. Rxf2 gxf2 81. Ke2 Kb4 82. Kxf2 1/2-1/2

[Event "Sampa Chess Open 2024"]
[Site "Sao Paulo"]
[Date "2024.02.03"]
[Round "8.11"]
[White "Santos, Marcus Vinicius Mor"]
[Black "De Albuquerque, Ian Telek C."]
[Result "0-1"]
[WhiteElo "2331"]
[BlackElo "2089"]
[PlyCount "114"]
[EventDate "2024.01.29"]
[EventRounds "9"]
[EventCountry "BRA"]

1. d4 Nf6 2. c4 g6 3. Nc3 Bg7 4. e4 d6 5. Be2 O-O 6. Be3 Nc6 7. d5 Ne5 8. Nf3
Nfg4 9. Bd2 e6 10. Nxe5 Nxe5 11. f4 Nd7 12. dxe6 $146 ({RR} 12. O-O e5 13. f5
a5 14. Be3 Nc5 15. Bg4 Kh8 16. Qf3 Bf6 17. Qh3 g5 18. Rad1 b6 19. Qh6 Bd7 20.
Rf3 Bg7 21. Qxg5 Bf6 22. Qh5 Rg8 23. Rh3 Rg7 24. Bh6 Qg8 25. Bxg7+ Qxg7 26. Rf1
Rg8 {Gaehwiler,G (2419)-Mazur,S (2472) Balatonszarszo 2017 1-0 (42)}) 12...
fxe6 13. O-O b6 14. Qc2 Bb7 15. Rad1 Qe7 16. Bf3 Bh6 17. Be2 Rf7 18. g3 Raf8
19. Bg4 Rg7 20. h4 e5 21. Nd5 Bxd5 22. cxd5 exf4 23. Be6+ Kh8 24. Qxc7 Nc5 25.
Qxe7 Rxe7 26. Bc3+ Bg7 27. Rxf4 Rxf4 28. gxf4 Bxc3 29. bxc3 Nxe4 30. f5 gxf5
31. Rf1 Nxc3 32. Rxf5 Ne2+ 33. Kf2 Nd4 34. Rf8+ Kg7 35. Rd8 Nxe6 36. dxe6 Kf6
37. Rxd6 Rxe6 38. Rd7 Re7 39. Rd8 b5 40. Rb8 a6 41. Kf3 Ke5 42. Ke3 Kd5+ 43.
Kd3 Kc5 44. a3 Rg7 45. Rc8+ Kb6 46. Rh8 Rg3+ 47. Kc2 Rxa3 48. Rxh7 Rh3 49. h5
a5 50. Rh8 Kc5 51. h6 Kb4 52. h7 a4 53. Rb8 Rxh7 54. Kb2 Rh2+ 55. Ka1 a3 56.
Rb7 Ka4 57. Kb1 b4 0-1

[Event "Sampa Chess Open 2024"]
[Site "Sao Paulo"]
[Date "2024.02.03"]
[Round "8.12"]
[White "Filgueiras, Nathan Felipe"]
[Black "Pironti, Francisco Ferrari"]
[Result "1-0"]
[WhiteElo "2321"]
[BlackElo "1953"]
[PlyCount "97"]
[EventDate "2024.01.29"]
[EventRounds "9"]
[EventCountry "BRA"]

1. e4 e5 2. Nc3 d6 3. d4 exd4 4. Qxd4 Nc6 5. Qd2 $146 ({RR} 5. Bb5 Bd7 6. Bxc6
bxc6 7. Nge2 Qf6 8. Qc4 Ne7 9. O-O Nc8 10. b4 Nb6 11. Qd3 Be7 12. Bb2 O-O 13.
f4 Qe6 14. Qh3 Qg6 15. Qd3 f5 16. e5 Be6 17. Rf3 Nc4 18. Rg3 Qf7 19. Nd1 dxe5 {
Mancini,X-Hohelj,S (2310) Paris 1994 0-1}) ({RR} 5. Qd1 Nf6 6. Bb5 Bd7 7. Nge2
g6 8. O-O Bg7 9. Bg5 h6 10. Be3 Ng4 11. Bc1 a6 12. Ba4 O-O 13. h3 Nf6 14. Bb3
Na5 15. Be3 Nxb3 16. axb3 Re8 17. Qd3 Bc6 18. f3 d5 19. exd5 Nxd5 {Nakamura,H 
(2787)-Harikrishna,P (2763) chess.com INT 2016 1-0 (64)}) ({RR} 5. Qd3 Nf6 6.
Bf4 Be7 7. O-O-O O-O 8. f3 Be6 9. a3 a5 10. g4 Nb4 11. Qe3 Nd7 12. h4 Bf6 13.
Nge2 Nb6 14. Nd4 Qe8 15. g5 Bxd4 16. Qxd4 f5 17. e5 Nc6 18. Qe3 dxe5 19. Bxe5
f4 {Bivol,A (2368)-Gelman,A (2403) chess.com INT 2021 1-0}) ({RR} 5. Bb5 Bd7 6.
Bxc6 Bxc6 7. Be3 Nf6 8. O-O-O Be7 9. f3 b5 10. g4 a5 11. Bf4 O-O 12. h4 b4 13.
Nce2 Nd7 14. h5 Nc5 15. Qc4 Qb8 16. Nd4 Bd7 17. h6 g6 18. Nge2 Qb7 19. Be3 Bf6
{Clifford,N (1975)-Canellas Magide,L (2075) Barcelona 1999 1/2-1/2 (54)}) ({RR
} 5. Qd1 g6 6. Be3 Bg7 7. Qd2 Be6 8. Nf3 Nf6 9. Nd4 Nxd4 10. Bxd4 O-O 11. Be2
c6 12. a4 Qa5 13. O-O Nxe4 14. Qe3 Bxd4 15. Qxd4 Nxc3 16. bxc3 Rad8 17. c4 Qe5
18. Qd2 d5 19. cxd5 Rxd5 {Maodus,S (2205)-Klaric,Z (2425) Zagreb 1999 0-1 (47)}
) 5... g6 6. b3 Bg7 7. Bb2 Nf6 8. f3 d5 9. O-O-O dxe4 10. Qxd8+ Nxd8 11. Nd5
Bh6+ 12. Kb1 Nxd5 13. Rxd5 Be6 14. Rd1 O-O 15. fxe4 Nc6 16. Nf3 Rfd8 17. Be2
Bg7 18. c4 Bg4 19. Rxd8+ Rxd8 20. Rd1 Rxd1+ 21. Bxd1 Nd4 22. b4 Nxf3 23. gxf3
Be6 24. Be2 g5 25. a4 h5 26. Kc2 g4 27. c5 Bh6 28. Be5 Bd7 29. Kb3 Be6+ 30. Kc3
Bd7 31. fxg4 hxg4 32. b5 Be3 33. Bd4 Bf4 34. Bg1 Kg7 35. Bc4 Kf6 36. a5 Kg5 37.
b6 axb6 38. cxb6 Be5+ 39. Kd3 Kf6 40. Bd4 Bc6 41. Bxe5+ Kxe5 42. Bd5 Kd6 43.
Bxc6 Kxc6 44. bxc7 Kxc7 45. Ke3 Kc6 46. Kf4 Kb5 47. Kxg4 Kxa5 48. h4 b5 49. h5
1-0

[Event "Sampa Chess Open 2024"]
[Site "Sao Paulo"]
[Date "2024.02.03"]
[Round "8.14"]
[White "Simeao, Miguel Roberto Rani"]
[Black "Silva, Kaua Marques"]
[Result "0-1"]
[WhiteElo "1962"]
[BlackElo "2142"]
[PlyCount "84"]
[EventDate "2024.01.29"]
[EventRounds "9"]
[EventCountry "BRA"]

1. c4 {Ribli,Z} e5 2. Nc3 Nc6 3. g3 g6 4. Bg2 Bg7 5. e4 Nge7 6. Nge2 d6 7. O-O
h5 8. h4 ({RR} 8. h3 h4 9. g4 f5) 8... Bg4 ({RR} 8... Nd4 9. Nxd4 ({RR} 9. d3)
9... exd4 10. Ne2 g5 11. hxg5 d3 ({RR} 11... h4 12. d3) 12. Nf4 h4 13. Nh5 ({RR
} 13. g4 Nc6 14. Nh3 Nd4 15. f4 Be6 ({RR} 15... c6) ({RR} 15... Ne2+ 16. Kh2
Bxg4 17. Qb3)) 13... Bd4 14. Nf6+ ({RR} 14. gxh4 Ng6) 14... Kf8 15. gxh4 Ng6
16. h5 Nf4 17. Qf3 Ne2+ 18. Kh1 Bxf6 {0-1 (18) Franco Ocampos,Z (2482)-Akopian,
V (2656) Linares 2001 CBM 081 [Ribli,Z]} {RR} 19. gxf6 ({RR} 19. Qxf6 Rxh5+)
19... Qe8 ({RR} 19... Qxf6 20. Qxf6 Rxh5+ 21. Bh3 Bxh3 22. Qf3 Rh7 ({RR} 22...
Bg4+ 23. Kg2 Bxf3+ 24. Kxf3 Rh3+ 25. Kg4 Rh7)) 20. Bh3 Bxh3 21. Qxh3 Qxe4+ 22.
f3 Qf4 23. Re1 Rxh5 24. Qxh5 Ng3+) ({RR} 8... g5 9. hxg5 h4 10. f4 hxg3 11. f5
Nxf5 12. exf5 Qxg5 13. Qe1 e4 14. Nxe4 Qh5 15. Nf6+ Bxf6 16. Nxg3+ Kd8 17. Nxh5
Bd4+ 18. Rf2 Rxh5 19. Bxc6 bxc6 20. d3 Bxf2+ 21. Qxf2) 9. d3 ({RR} 9. f3 Be6
10. d3 Nd4 11. Nxd4 exd4 12. Ne2 Nc6 13. f4 Bg4 14. Bd2 a5 15. b3 Nb4 16. Be1
a4 17. Bxb4 axb3 18. Bf3 b2 19. Rb1 Bh3 20. Rf2 c5 21. Be1 Rxa2 22. Qb3 Qa8 23.
Rxb2 Ra1 {Ptacnikova,L (2200)-Ilyasli,U (2310) chess.com INT 2021 1-0 (44)})
9... Qd7 $146 ({RR} 9... Nd4 10. f3 Be6 11. Nxd4 exd4 12. Nd5 c6 13. Nxe7 Qxe7
14. Bd2 O-O 15. Qc1 d5 16. cxd5 cxd5 17. Qe1 Qd7 18. Bf4 Rfc8 19. Qd2 Rc6 20.
a3 Rac8 21. Rac1 b6 22. Rxc6 Qxc6 23. Rc1 Qxc1+ 24. Qxc1 {Nordio,G (1923)
-Bossi,A (2014) Crema 2016 1/2-1/2 (38)}) 10. Kh2 O-O 11. Bg5 Kh7 12. Nd5 Ng8
13. b4 Nd8 14. Qd2 c6 15. Ndc3 Be6 16. Be3 Nh6 17. f3 d5 18. cxd5 cxd5 19. exd5
Bxd5 20. Nxd5 Qxd5 21. Rac1 Ne6 22. Nc3 Qd7 23. Ne4 Rfd8 24. Rfd1 Nf5 25. Bf2
Nfd4 26. Be3 Nf5 27. Bf2 Qb5 28. Ng5+ Nxg5 29. hxg5 Bf8 30. Bc5 Bg7 31. Rc4 b6
32. Bf2 Rac8 33. Re4 Qa4 34. Re2 Nd4 35. Bxd4 Rxd4 36. Rb1 Rcd8 37. Rb3 Qd7 38.
Re3 h4 39. g4 Qd6 40. Kh1 Rc8 41. Rc3 Qxb4 42. Rc2 Qb1+ 0-1

[Event "Sampa Chess Open 2024"]
[Site "Sao Paulo"]
[Date "2024.02.03"]
[Round "8.15"]
[White "Ribeiro, Matheus Mendes Domi"]
[Black "Cardoso, Maria Paula Da Silv"]
[Result "1-0"]
[WhiteElo "2130"]
[BlackElo "1780"]
[PlyCount "89"]
[EventDate "2024.01.29"]
[EventRounds "9"]
[EventCountry "BRA"]

1. c4 e5 2. Nc3 Nf6 3. Nf3 Nc6 4. e4 Be7 5. d4 exd4 6. Nxd4 Nxd4 7. Qxd4 d6 8.
Be2 c6 9. O-O O-O 10. Rd1 $146 ({RR} 10. Be3 b6 11. f3 Bb7 12. Rad1 Re8 13. Qd2
Qc7 14. Rfe1 Rad8 15. Bf1 Qc8 16. Bd4 Nd7 17. Qf4 Nf8 18. Qg3 Ng6 19. Qf2 Bf8
20. g3 Ne5 21. b3 g6 22. Be2 d5 23. cxd5 cxd5 24. Nxd5 Bxd5 {Gregorz,R-Wheeler,
J Chicago 1993 1/2-1/2 (40)}) 10... Qb6 11. Qxb6 axb6 12. Bf4 Rd8 13. Rd2 Be6
14. Rad1 Ne8 15. b3 Bf6 16. Na4 Ra6 17. e5 Be7 18. exd6 Bf8 19. h3 f6 20. c5
Rxa4 21. bxa4 bxc5 22. Rb2 Rd7 23. a5 Kf7 24. a6 bxa6 25. Bxa6 Bxd6 26. Bc8 Rd8
27. Bxe6+ Kxe6 28. Re2+ Kf7 29. Bxd6 Rxd6 30. Rxd6 Nxd6 31. a4 c4 32. Kf1 Nb7
33. Ke1 h5 34. Ra2 Na5 35. Kd2 Ke6 36. Kc3 c5 37. Rb2 Kd5 38. Rb5 Nb3 39. Rb8
Na5 40. Ra8 Nc6 41. a5 Nd4 42. Rd8+ Kc6 43. Kxc4 Ne6 44. Rb8 Nc7 45. Rb6+ 1-0

[Event "Sampa Chess Open 2024"]
[Site "Sao Paulo"]
[Date "2024.02.03"]
[Round "8.16"]
[White "Melian, Juan Sebastian"]
[Black "Jenidarchiche, Douglas Rodrigo"]
[Result "1-0"]
[WhiteElo "2238"]
[BlackElo "1845"]
[PlyCount "79"]
[EventDate "2024.01.29"]
[EventRounds "9"]
[EventCountry "BRA"]

1. e4 {Lukacs,P} e5 2. Nc3 Nc6 3. Bc4 Nf6 4. d3 Na5 5. Nge2 Nxc4 ({RR} 5... c6
6. a4 ({RR} 6. O-O b5 7. Bb3 b4 8. Nb1 Nxb3 9. axb3 d5 10. Nd2 Bd6) 6... Nxc4
7. dxc4 Bc5) ({RR} 5... Be7) 6. dxc4 Bc5 7. f3 ({RR} 7. Qd3 d6 ({RR} 7... Ng4
8. O-O ({RR} 8. Qf3 Bxf2+ ({RR} 8... Nxf2 9. Rf1 O-O 10. b4) 9. Kf1 ({RR} 9.
Kd1 d5 10. cxd5 ({RR} 10. exd5 Bb6) 10... Bc5) 9... d5 ({RR} 9... Qh4 10. Nd5
Bb6 11. h3 Nh6 12. c5) 10. exd5 Bc5 11. h3 ({RR} 11. Ne4 Be7) 11... Nf6 12. Qg3
({RR} 12. Bg5 Be7) 12... O-O 13. Qxe5 Re8) ({RR} 8. Nd1 d6 9. f3 Nf6 10. Ndc3
Be6 11. b3 Nd7 12. Bd2 O-O) 8... O-O ({RR} 8... Qh4 9. Qg3 Qxg3 10. Nxg3 d6 ({
RR} 10... O-O 11. h3 Nf6 12. Bg5) 11. Nd5) 9. h3 Nf6) 8. Be3 ({RR} 8. h3 Be6 9.
b3 ({RR} 9. Bd2 a6 10. Rf1 Nd7 11. b3 O-O 12. g4 c6 13. Qg3 b5) 9... c6 10. Bb2
O-O 11. Rd1 a6 12. O-O b5 13. cxb5 axb5) ({RR} 8. O-O a6 ({RR} 8... c6 9. b3
Be6 10. Na4 ({RR} 10. Bb2 Qe7 11. Rad1 Rd8 12. Na4 Nd7 13. Nxc5 Nxc5 14. Qe3
O-O 15. f4 f6) 10... Nd7 11. Nxc5 Nxc5 12. Qe3 b6 13. f4 f6 14. Ba3 Nb7 15. Nc3
Qc7 16. Rad1 O-O-O) 9. a3 h6 10. b4 Ba7 11. Bb2 Be6 12. Rad1 O-O 13. Nd5 Nxd5
14. cxd5 Bd7 15. Ng3 g6 16. Kh1 Qh4 17. c4 Rae8 18. Rde1 b5) 8... Bxe3 9. Qxe3
Be6 ({RR} 9... O-O 10. Ng3 Be6 11. b3 Ng4 12. Qf3 Nh6 13. Nf5 Qf6 14. Nd5 ({RR
} 14. Nxh6+ Qxh6) 14... Bxd5 15. Nxh6+ Qxh6 16. cxd5 f5 17. exf5 e4 18. Qe2
Rxf5 19. O-O Qh4) 10. b3 O-O 11. h3 ({RR} 11. f3 Nd7) 11... a6 12. a4 Nd7 13.
g4 ({RR} 13. O-O f5) 13... h6 14. Ng3 Qg5 15. Qxg5 hxg5 16. f3 ({RR} 16. Nd5
Bxd5 17. cxd5) 16... g6 ({RR} 16... Kh7 17. Nd5 Bxd5 ({RR} 17... Rac8 18. h4)
18. cxd5 g6 19. h4 gxh4 20. Rxh4+ Kg7 21. Kd2 Rh8) 17. h4 gxh4 18. Rxh4 Kg7 19.
Kf2 Rh8 20. Rxh8 ({RR} 20. Rah1 Rxh4 21. Rxh4) 20... Rxh8 21. Rh1 Rxh1 {
Mitkov,N (2514)-Akopian,V (2660) Yerevan 2001 CBM 086 [Lukacs,P] 0-1 (49)}) ({
RR} 7. Bg5 Bxf2+) ({RR} 7. Ng3 d6 8. O-O Be6 9. Qd3 g6 10. Bd2 Nd7 11. Rad1 h5
12. Nf5 Qf6 13. Ne3 c6) ({RR} 7. Qd3 Ng4 8. O-O Qh4 9. Qg3 Qxg3 {1/2-1/2 (9)
Llaudy Pupo,L (2306)-Miranda Llanes,Y (2264) Cienfuegos 2016}) 7... a6 8. Qd3
d6 9. Be3 Be6 $146 ({RR} 9... Bxe3 10. Qxe3 Be6 11. c5 dxc5 12. Qg5 O-O 13.
Qxe5 b6 14. Rd1 Qc8 15. O-O Re8 16. Qg3 Qb7 17. Nf4 Bc4 18. Rfe1 Red8 19. e5
Ne8 20. b3 Be6 21. Ne4 Rd4 22. c3 Rxd1 23. Rxd1 Bf5 24. Nf6+ {Wustefeld,E 
(2317)-Jonkman,H (2470) Hilversum 2006 1-0 (45)}) ({RR} 9... Nd7 10. O-O Qg5
11. Nd5 O-O 12. Rf2 Qd8 13. b3 Bxe3 14. Qxe3 b5 15. Qc3 Nc5 16. Qa5 bxc4 17.
Qxc7 Qxc7 18. Nxc7 Ra7 19. Nd5 Be6 20. Nec3 g6 21. b4 Nd7 22. Rd2 Nb8 23. Ne2
Nc6 24. c3 {Bhend,E (2248)-Melkumyan,H (2656) Basel 2013 1/2-1/2 (62)}) 10. b3
Qd7 11. a4 Bxe3 12. Qxe3 h6 13. a5 Qe7 14. g4 g5 15. O-O-O Nd7 16. Ng3 Nb8 17.
Kb2 Nc6 18. Ra1 O-O-O 19. Nd5 Qf8 20. h4 f6 21. h5 Kd7 22. Rhd1 Bxd5 23. cxd5
Ne7 24. c4 Rb8 25. Rdc1 Qd8 26. c5 Ke8 27. Rc2 Kf7 28. Rac1 c6 29. Rd2 cxd5 30.
exd5 Rc8 31. Ne4 dxc5 32. d6 Nc6 33. Rxc5 Qd7 34. Qc3 Nd4 35. Rxd4 exd4 36.
Qxd4 Qe6 37. Rf5 Kg7 38. Rxf6 Qd7 39. Rg6+ Kf8 40. Qxh8+ 1-0

[Event "Sampa Chess Open 2024"]
[Site "Sao Paulo"]
[Date "2024.02.03"]
[Round "8.17"]
[White "Saito, Vinicius"]
[Black "Sanches De Carvalho, Fabio"]
[Result "1-0"]
[WhiteElo "2147"]
[BlackElo "1838"]
[PlyCount "153"]
[EventDate "2024.01.29"]
[EventRounds "9"]
[EventCountry "BRA"]

1. e4 c5 2. Nf3 d6 3. Bb5+ Bd7 4. a4 Nc6 5. O-O Nf6 6. d3 a6 ({RR} 6... e6 7.
b3 Be7 8. Bb2 O-O 9. Nbd2 b6 10. Nc4 a6 11. Bxc6 Bxc6 12. e5 Ne8 13. a5 b5 14.
exd6 Nxd6 15. Nb6 Rb8 16. Ne5 Be8 17. d4 cxd4 18. Qxd4 f6 19. Nd3 e5 20. Qd5+
Bf7 21. Qc6 {Hess,R (2572)-Motylev,A (2695) Khanty-Mansiysk 2009 1/2-1/2}) ({RR
} 6... g6 7. Re1 Bg7 8. Nc3 O-O 9. Bf4 Nh5 10. Bd2 Rc8 11. h3 e6 12. Bc4 a6 13.
Qc1 Qc7 14. Bh6 {1/2-1/2 (14) Kokoszczynski,J (2264)-Dzida,K (2090) Warsaw POL
2019}) 7. Bc4 e6 8. Re1 $146 ({RR} 8. Nc3 Be7 9. h3 Na5 10. e5 Nxc4 11. exf6
Bxf6 12. dxc4 Bc6 13. Bf4 e5 14. Bg3 O-O 15. Nd5 e4 16. Nd2 Bxb2 17. Rb1 Bf6
18. Nxe4 Be7 19. Re1 Re8 20. Nxe7+ Rxe7 21. Qg4 Rxe4 22. Rxe4 Bxe4 {Cochet,C 
(2032)-Houck,V (1721) France 2009 1-0}) 8... Be7 9. c3 Na5 10. Ba2 O-O 11. Nbd2
b5 12. axb5 axb5 13. Bb1 Qc7 14. Nf1 Nc6 15. Rxa8 Rxa8 16. Bg5 b4 17. d4 e5 18.
Ne3 cxd4 19. cxd4 Bg4 20. Nf5 Bd8 21. d5 Na5 22. Ne3 Bh5 23. Bd3 Nb7 24. Bxf6
Bxf6 25. g4 Bg6 26. Nc4 Nc5 27. Qe2 h6 28. Kg2 Rc8 29. Rc1 Nb3 30. Re1 Nc5 31.
Rc1 Nb3 32. Re1 Nc5 33. Ncd2 Qd7 34. h3 Be7 35. Ra1 Qb7 36. Bb5 Rb8 37. Bc6 Qb6
38. b3 Qc7 39. Qe3 Qc8 40. Kg3 Kh7 41. h4 f6 42. h5 Be8 43. Bxe8 Qxe8 44. Ra7
Qd8 45. Nh4 Ra8 46. Rxa8 Qxa8 47. Nf5 Qb7 48. Qe2 Kg8 49. Qc4 Kf7 50. Kf3 Qa7
51. Ne3 Qa3 52. Ke2 Bd8 53. Qc2 Qa6+ 54. Nec4 Ke7 55. Qb2 Bc7 56. f3 Kd7 57.
Nf1 Na4 58. Qd2 Nc3+ 59. Kf2 Bb6+ 60. Kg2 Bc5 61. Ng3 Nb1 62. Qb2 Na3 63. Nd2
Ke8 64. Ndf1 Qd3 65. Qe2 Qxe2+ 66. Nxe2 Nc2 67. Nc1 Bd4 68. Ng3 Kf7 69. Nf5
Ne3+ 70. Nxe3 Bxe3 71. Na2 Bc5 72. Nc1 Bd4 73. Ne2 Bc5 74. Ng3 Kf8 75. Nf5 Kf7
76. Nh4 Kf8 77. Kf1 1-0

[Event "Sampa Chess Open 2024"]
[Site "Sao Paulo"]
[Date "2024.02.03"]
[Round "8.18"]
[White "Vargas, Gabriela"]
[Black "Da Cunha, Gabriela Goes"]
[Result "1-0"]
[WhiteElo "2084"]
[BlackElo "1837"]
[PlyCount "100"]
[EventDate "2024.01.29"]
[EventRounds "9"]
[EventCountry "BRA"]

1. d4 Nf6 2. Nf3 e6 3. Bg5 c5 4. e3 cxd4 5. exd4 Be7 6. Nbd2 b6 7. Bxf6 ({RR} 
7. c3 O-O 8. Bd3 Ba6 9. Bxa6 Nxa6 10. Qe2 Nc7 11. Bxf6 Bxf6 12. a4 d6 13. O-O
g6 14. g3 {1/2-1/2 (14) Seirawan,Y (2610)-Sax,G (2610) Rotterdam 1989}) ({RR} 
7. a4 a6 8. Bd3 Bb7 9. c3 d6 10. Qe2 Nbd7 11. Nc4 Qc7 12. Ne3 O-O 13. O-O Rfe8
14. Rfe1 Bf8 15. Bh4 h6 16. Nd2 g6 17. h3 Bg7 18. Bg3 Nh5 19. Bh2 e5 20. Bc4
Nf4 21. Qf1 Nf6 {Ratkovic,M (2437)-Pikula,D (2393) Arandjelovac SRB 2021 1-0 
(38)}) 7... Bxf6 8. Bd3 Bb7 9. Qe2 O-O $146 ({RR} 9... d6 10. c3 Nd7 11. O-O
O-O 12. Rad1 a6 13. Rfe1 b5 14. Bb1 g6 15. Be4 Qc7 16. Bxb7 Qxb7 17. Ne4 Qc6
18. h4 Bg7 19. h5 Nf6 20. hxg6 hxg6 21. Nxf6+ Bxf6 22. d5 exd5 23. Qd2 Rad8 24.
Qxd5 {Ernst,R (2230)-Messmer,M (2295) Germany 1995 1/2-1/2 (33)}) 10. h4 g6 11.
Rh3 Nc6 12. c3 d5 13. Kf1 Qc7 14. Re1 Rae8 15. Ne5 Nxe5 16. dxe5 Bg7 17. h5 f6
18. Nf3 fxe5 19. Nxe5 Bxe5 20. Qxe5 Qxe5 21. Rxe5 Rf6 22. hxg6 hxg6 23. Rg5 Re7
24. Rh6 Kg7 25. Rgxg6+ Rxg6 26. Rxg6+ Kf7 27. Rh6 e5 28. Rh7+ Kf6 29. Rxe7 Kxe7
30. Ke2 Kf6 31. Ke3 Kg5 32. g3 Kg4 33. Be2+ Kf5 34. f4 e4 35. g4+ Kf6 36. Kd4
Bc6 37. c4 dxc4 38. Bxc4 Bb7 39. Bf1 Bc6 40. Ke3 Bd7 41. g5+ Kg6 42. Kxe4 Bf5+
43. Ke5 Bb1 44. Bc4 a5 45. Be6 b5 46. Bd5 Kg7 47. f5 Bd3 48. f6+ Kf8 49. Be4
Bc4 50. b3 Bg8 1-0

[Event "Sampa Chess Open 2024"]
[Site "Sao Paulo"]
[Date "2024.02.03"]
[Round "8.19"]
[White "Kropff, Ricardo"]
[Black "Branquinho, Eduardo De Medeiros"]
[Result "1-0"]
[WhiteElo "2052"]
[BlackElo "1815"]
[PlyCount "76"]
[EventDate "2024.01.29"]
[EventRounds "9"]
[EventCountry "BRA"]

1. e4 c5 2. Nf3 d6 3. d4 cxd4 4. Nxd4 Nf6 5. Nc3 a6 6. Be2 e5 7. Nb3 Be6 8. O-O
Qc7 ({RR} 8... d5 9. exd5 Nxd5 10. Nxd5 Qxd5 11. Bf3 Qxd1 12. Rxd1 Nc6 13. Be3
Be7 14. Nc5 Bc8 15. c3 f5 16. Na4 Be6 17. Bxc6+ bxc6 18. Bc5 Bd8 19. Re1 Bf6
20. Bd6 e4 21. f3 Rd8 22. fxe4 fxe4 23. Ba3 {Fishbein,A (2460)-Gonzalez,B 
(2385) Maringa 1991 1-0 (75)}) 9. Bg5 ({RR} 9. f4 exf4 10. Bxf4 Nc6 11. Qd2 Be7
12. Rad1 Rd8 13. Nd5 Bxd5 14. exd5 Ne5 15. Kh1 O-O 16. c3 b5 17. Qd4 Nfd7 18.
g4 f6 19. Qe3 Nb6 20. Rg1 Nbc4 21. Qe4 Nxb2 22. Rc1 Nbc4 23. Nd4 g5 {
Eynullayev,A (2227)-Kamara,A (1899) chess.com INT 2021 1-0 (37)}) 9... Nbd7 10.
a4 Be7 $146 ({RR} 10... Rc8 11. Rc1 Be7 12. Kh1 O-O 13. f3 Rfd8 14. Qd2 Nb6 15.
Bxf6 Bxf6 16. Nd5 Bxd5 17. exd5 Nxa4 18. Qb4 Nc5 19. Na5 Qe7 20. c3 Bg5 21. Rc2
Rc7 22. Qb6 Rcd7 23. Ra1 e4 24. b4 Nd3 25. Qd4 {Mehrer,M (2055)-Romero Perera,
E (2165) Barcelona 1996 1/2-1/2 (42)}) 11. Re1 O-O 12. Bf3 Rac8 13. Re2 Rfd8
14. a5 h6 15. Bxf6 Nxf6 16. Nd5 Nxd5 17. exd5 Bf5 18. c3 Bg5 19. g3 Rf8 20. h4
Bd8 21. Ra4 Bd7 22. Rb4 f5 23. c4 g5 24. hxg5 hxg5 25. c5 Bb5 26. Rc2 Be7 27.
c6 Kg7 28. Be2 bxc6 29. Bxb5 axb5 30. dxc6 f4 31. Rxb5 Rb8 32. Qd5 fxg3 33.
fxg3 Qa7+ 34. Kg2 Qa6 35. Nc5 Rxb5 36. Nxa6 Rxd5 37. Nc7 Rxa5 38. Ne6+ Kf7 1-0

[Event "Sampa Chess Open 2024"]
[Site "Sao Paulo"]
[Date "2024.02.03"]
[Round "8.20"]
[White "Santos, Abel Cardoso Dos"]
[Black "Vargas, Goncalo Cintra"]
[Result "0-1"]
[WhiteElo "1854"]
[BlackElo "2041"]
[PlyCount "70"]
[EventDate "2024.01.29"]
[EventRounds "9"]
[EventCountry "BRA"]

1. e4 Nf6 2. e5 Nd5 3. d4 d6 4. c4 Nb6 5. f4 dxe5 6. fxe5 Nc6 7. Be3 Bf5 8. Nc3
e6 9. Nf3 Bg4 10. Qd2 Qd7 11. Be2 Bxf3 12. gxf3 O-O-O 13. O-O-O Bb4 14. a3 Na5
15. Kb1 $146 ({RR} 15. Qc2 Naxc4 16. Bf2 Bxc3 17. Qxc3 Qa4 18. Be1 Rd5 19. Kb1
Nxe5 20. b3 Qd7 21. Bg3 Nc6 22. Rc1 Rd8 23. b4 Rf5 24. b5 Nd5 25. Qc5 Nb8 26.
Qxa7 Nf4 27. Rc2 Qd6 28. Rhc1 Rd7 29. b6 c6 {Henry,G (2128)-Mrdja,M (2373)
Marseille 2005 1-0 (48)}) 15... Naxc4 16. Bxc4 Nxc4 17. Qd3 Nxe3 18. Qxe3 Bxc3
19. Qxc3 Qd5 20. Rd3 Rd7 21. b4 Rhd8 22. Rhd1 f6 23. exf6 gxf6 24. Kb2 e5 25.
dxe5 Qxe5 26. Qxe5 fxe5 27. Kc3 Rxd3+ 28. Rxd3 Rxd3+ 29. Kxd3 Kd7 30. b5 Ke6
31. Ke4 c5 32. bxc6 bxc6 33. a4 a5 34. h3 c5 35. Kd3 Kd5 0-1

[Event "Sampa Chess Open 2024"]
[Site "Sao Paulo"]
[Date "2024.02.03"]
[Round "8.21"]
[White "Fernandez Barrero, Javier"]
[Black "Santanna, Paulo"]
[Result "0-1"]
[WhiteElo "1743"]
[BlackElo "2021"]
[PlyCount "42"]
[EventDate "2024.01.29"]
[EventRounds "9"]
[EventCountry "BRA"]

1. e4 c5 2. Nf3 a6 3. g3 Nc6 4. d3 g6 5. Bg2 Bg7 6. O-O d6 7. Nbd2 ({RR} 7. a4
Rb8 8. c3 e5 9. Na3 Nge7 10. Nc2 O-O 11. d4 exd4 12. cxd4 Bg4 13. d5 Ne5 14.
Ne3 Bxf3 15. Bxf3 Nxf3+ 16. Qxf3 f5 17. a5 Qd7 18. Nc4 Rbe8 19. Bd2 fxe4 20.
Qxe4 Nf5 21. Qg4 Qf7 {Maki,V (2430)-Cramling,P (2470) Helsinki 1991 1-0 (55)})
7... Nf6 8. Nc4 $146 ({RR} 8. c3 O-O 9. Qe2 Bd7 10. Re1 Rc8 11. Nf1 b5 12. Bd2
Ne8 13. Ne3 Rb8 14. h4 b4 15. h5 Nc7 16. Nd5 Nb5 17. Rac1 bxc3 18. bxc3 e6 19.
Ne3 Na3 20. Nd1 Nb1 21. Bf4 e5 22. h6 exf4 {Wagman,S (2142)-Jakobsen,O (2385)
Lignano Sabbiadoro 2005 1-0 (44)}) ({RR} 8. c3 e5 9. Re1 O-O 10. Nf1 h6 11. h4
b5 12. d4 Bb7 13. N1h2 Qd7 14. Be3 cxd4 15. cxd4 Nxd4 16. Nxd4 exd4 17. Bxd4
Rac8 18. Bxf6 Bxf6 19. Ng4 Bg7 20. e5 Bxg2 21. Kxg2 Qb7+ 22. Kg1 dxe5 {Sanchez
Coves,J (1574)-Gomez Jorge,F (1767) Barcelona 2017 1/2-1/2}) ({RR} 8. Re1 Nd7
9. c3 O-O 10. Nc4 b5 11. Ne3 Rb8 12. d4 cxd4 13. cxd4 Nb6 14. b3 a5 15. Bb2 Bb7
16. Rc1 a4 17. Qe2 b4 18. d5 Ne5 19. Nxe5 dxe5 20. Ng4 Qd6 21. f4 f6 22. Qe3
Nd7 {Azimova,K (1948)-Bukhteeva,V (2160) Dagomys 2009 0-1 (43)}) 8... O-O 9.
Ne3 Rb8 10. Nd2 e6 11. f4 Ne7 12. g4 d5 13. e5 Ne8 14. g5 h5 15. Rf3 b5 16. Rh3
Nf5 17. Nxf5 exf5 18. Bf3 Nc7 19. Nb3 c4 20. Nd4 Ne6 21. Nc6 Qb6+ 0-1